| 000 | 00637nam a22001577a 4500 | ||
|---|---|---|---|
| 008 | 170217b xxu||||| |||| 00| 0 eng d | ||
| 050 |
_a QH541.2 _b .P76 2009 |
||
| 245 |
_a Project WILD : _bK-12 curriculum & activity guide |
||
| 260 |
_a Houston, TX : _bCouncil for Environmental Education, _c2009 |
||
| 300 |
_a xii, 537 p. : _bill. ; _c28 cm |
||
| 650 |
_aConservation of natural resources _xStudy and teaching ,Activity programs |
||
| 650 |
_aNature study _xActivity programs |
||
| 650 |
_aWildlife conservation _xStudy and teaching, Activity programs |
||
| 650 |
_aEnvironmental education _xActivity programs |
||
| 942 |
_2lcc _cBK |
||
| 999 |
_c48788 _d48788 |
||